|
|
|
|
| LEADER |
03697nam a2200721 4500 |
| 001 |
ocn729716837 |
| 003 |
OCoLC |
| 005 |
20170124072344.4 |
| 006 |
m o d |
| 007 |
cr cn||||||||| |
| 008 |
110609s2011 enk ob 001 0 eng d |
| 040 |
|
|
|a DG1
|b eng
|e pn
|c DG1
|d YDXCP
|d OCLCQ
|d OCLCA
|d OCLCF
|d OCLCA
|d OCL
|d OCLCO
|d CNCGM
|d IDEBK
|d EBLCP
|d E7B
|d N$T
|d U9X
|d OTZ
|d OCLCO
|d OCLCQ
|d OCLCO
|d OCLCQ
|d COO
|d OCLCO
|d OCL
|d NLGGC
|d OCLCQ
|d OCLCO
|d GrThAP
|
| 019 |
|
|
|a 775671100
|a 781264181
|a 791314161
|a 817053215
|a 839393908
|
| 020 |
|
|
|a 9781444395860
|q (electronic bk.)
|
| 020 |
|
|
|a 1444395866
|q (electronic bk.)
|
| 020 |
|
|
|a 144439584X
|q (electronic bk.)
|
| 020 |
|
|
|a 9781444395846
|q (electronic bk.)
|
| 020 |
|
|
|a 1283408333
|
| 020 |
|
|
|a 9781283408332
|
| 020 |
|
|
|a 9780470657928
|
| 020 |
|
|
|a 0470657928
|q (Trade Cloth)
|
| 029 |
1 |
|
|a AU@
|b 000049641653
|
| 029 |
1 |
|
|a NLGGC
|b 355466252
|
| 029 |
1 |
|
|a NZ1
|b 15915121
|
| 029 |
1 |
|
|a SE4M6
|b 120062933
|
| 029 |
1 |
|
|a DEBBG
|b BV043393131
|
| 035 |
|
|
|a (OCoLC)729716837
|z (OCoLC)775671100
|z (OCoLC)781264181
|z (OCoLC)791314161
|z (OCoLC)817053215
|z (OCoLC)839393908
|
| 037 |
|
|
|a 10.1002/9781444395860
|b Wiley InterScience
|n http://www3.interscience.wiley.com
|
| 050 |
|
4 |
|a PS231.S47
|b G73 2011
|
| 072 |
|
7 |
|a LIT
|x 004020
|2 bisacsh
|
| 072 |
|
7 |
|a DSBH
|2 bicssc
|
| 082 |
0 |
4 |
|a 810.9/006
|2 22
|
| 049 |
|
|
|a MAIN
|
| 100 |
1 |
|
|a Gray, Richard,
|d 1944-
|
| 245 |
1 |
0 |
|a After the fall :
|b American literature since 9/11 /
|c Richard Gray.
|
| 246 |
3 |
0 |
|a American literature since 9/11
|
| 264 |
|
1 |
|a Chichester, West Sussex :
|b Wiley-Blackwell,
|c [2011]
|
| 264 |
|
4 |
|c ©2011
|
| 300 |
|
|
|a 1 online resource (x, 224 pages .).
|
| 336 |
|
|
|a text
|b txt
|2 rdacontent
|
| 337 |
|
|
|a computer
|b c
|2 rdamedia
|
| 338 |
|
|
|a online resource
|b cr
|2 rdacarrier
|
| 490 |
1 |
|
|a Blackwell manifestos
|
| 505 |
0 |
|
|a Front Matter -- After the Fall -- Imagining Disaster -- Imagining Crisis -- Imagining the Transnational -- Imagining the Crisis in Drama and Poetry -- Works Cited -- Index.
|
| 504 |
|
|
|a Includes bibliographical references (pages 193-210) and index.
|
| 520 |
|
|
|a After the Fall presents a timely and provocative examination of the impact and implications of 9/11 and the war on terror on American culture and literature. Presents the first detailed interrogation of U.S. writing in a time of crisis Develops a timely and provocative argument about literature and trauma Relates U.S. writing since 9/11 to crucial social and historical changes in the U.S. and elsewhere Places U.S. writing in the context of the transformed position of the U.S. in a world characterized by political, economic, and military crisis; transn.
|
| 588 |
0 |
|
|a Print version record.
|
| 611 |
2 |
7 |
|a September 11 Terrorist Attacks (2001)
|2 fast
|0 (OCoLC)fst01112794
|
| 650 |
|
0 |
|a American literature
|y 21st century
|x History and criticism.
|
| 650 |
|
0 |
|a Nationalism in literature.
|
| 650 |
|
0 |
|a September 11 Terrorist Attacks, 2001
|x Influence.
|
| 650 |
|
7 |
|a LITERARY CRITICISM
|x American
|x General.
|2 bisacsh
|
| 650 |
|
7 |
|a American literature.
|2 fast
|0 (OCoLC)fst00807113
|
| 650 |
|
7 |
|a Influence (Literary, artistic, etc.)
|2 fast
|0 (OCoLC)fst00972484
|
| 650 |
|
7 |
|a Nationalism in literature.
|2 fast
|0 (OCoLC)fst01033899
|
| 648 |
|
7 |
|a 2000-2099
|2 fast
|
| 655 |
|
4 |
|a Electronic books.
|
| 655 |
|
7 |
|a Criticism, interpretation, etc.
|2 fast
|0 (OCoLC)fst01411635
|
| 710 |
2 |
|
|a Wiley InterScience (Online service)
|
| 776 |
0 |
8 |
|i Print version:
|a Gray, Richard J.
|t After the fall.
|d Chichester, West Sussex : Wiley-Blackwell, ©2011
|z 9780470657928
|w (OCoLC)682892506
|
| 830 |
|
0 |
|a Blackwell manifestos.
|
| 856 |
4 |
0 |
|u https://doi.org/10.1002/9781444395860
|z Full Text via HEAL-Link
|
| 994 |
|
|
|a 92
|b DG1
|